Výročná správa Národnej rady Slovenskej republiky a Kancelárie Národnej rady Slovenskej republiky za rok 2024.

Uložené v:
Podrobná bibliografia
Korporatívny autor: Národná rada SR (Bratislava, Slovensko) (Author)
Médium: Kniha
Jazyk:Slovak
Vydané: Bratislava : Kancelária Národnej rady Slovenskej republiky, 2025.
Témy:
ISBN: 9788099963208
Fyzický popis: 105 strán : fotografie, tabuľky ; 29 cm.
Tagy: Pridať tag
Žiadne tagy, Buďte prvý kto otaguje tento záznam!

MARC

LEADER 00000nam a2200000 i 4500
001 000741421
005 20251208072858.0
008 241220s2025 xo lo e 000 0 slo d
020 |a 9788099963208  |q (brožované) 
040 |a SVKKK  |b slo  |c SVKKK  |e rda 
041 0 |a slo 
043 |a e-xo--- 
044 |a xo  |c SK 
072 7 |a 328  |x Zastupiteľské orgány. Vlády  |2 konspekt 
072 7 |a 342.53  |x Zákonodarstvo  |2 konspekt 
080 |a 328.1  |2 2011 
080 |a 342.534  |2 2011 
080 |a (437.6)  |2 2011 
080 |a (047.1)  |2 2011 
110 2 |a Národná rada SR (Bratislava, Slovensko)  |4 aut 
245 1 0 |a Výročná správa Národnej rady Slovenskej republiky a Kancelárie Národnej rady Slovenskej republiky za rok 2024. 
264 1 |a Bratislava :  |b Kancelária Národnej rady Slovenskej republiky,  |c 2025. 
300 |a 105 strán :  |b fotografie, tabuľky ;  |c 29 cm. 
336 |a text  |b txt  |2 rdacontent 
337 |a bez média  |b n  |2 rdamedia 
338 |a zväzok  |b nc  |2 rdacarrier 
610 1 7 |a Slovensko.  |b Národná rada  |2 SVKKKKA 
648 7 |a 2024  |2 SVKKKPH 
650 0 7 |a zákonodárne orgány  |2 SVKKKPH 
650 0 7 |a poslanci  |2 SVKKKPH 
650 0 7 |a legislative bodies  |2 SVKKKPHeng 
650 0 7 |a legislators  |2 SVKKKPHeng 
651 7 |a Slovensko  |2 SVKKKPH 
651 7 |a Slovakia  |2 SVKKKPHeng 
655 7 |a výročné správy  |2 SVKKKPH 
655 7 |a annual reports  |2 SVKKKPHeng 
910 |a svkkk 
919 |a 978-80-99963-20-8 
998 |a BK 
090 |g SCKHL  |k Sklad Hlavná 10 prízemie  |a V.245278  |j 1135126  |i 2721218316  |s Povinný výt. 
090 |g SCKHL  |k Sklad Hlavná 10 prízemie  |a V.245279  |j 1135127  |i 2721218317  |s Absenčne